000
00217 a2200097 4500
001
10098
100
_a
Johnson, H
245
_a
Eastern Europe in the socialist world.
260
_a
_b
Lawrence
_c
090
_c
7849
_d
7849
942
_a
NUST-CAE
_c
M
_c
34543
999
_c
245171
_d
245171